ARRUPE JESUIT UNIVERSITY

CORONAVIRUS -STOP THE SPREAD - CLEAN,DISINFECT,COVER

The British labour movement, 1770-1920 : (Record no. 125777)

MARC details
000 -LEADER
fixed length control field 01009cam a2200289 a 4500
001 - CONTROL NUMBER
control field 12070334
003 - CONTROL NUMBER IDENTIFIER
control field ARRUPE
005 - DATE AND TIME OF LATEST TRANSACTION
control field 20161207083011.0
008 - FIXED-LENGTH DATA ELEMENTS--GENERAL INFORMATION
fixed length control field 000622s1978 enk b 001 0 eng
010 ## - LIBRARY OF CONGRESS CONTROL NUMBER
LC control number 00363425
020 ## - INTERNATIONAL STANDARD BOOK NUMBER
Cancelled/invalid ISBN 853152861
040 ## - CATALOGING SOURCE
Original cataloging agency DLC
Transcribing agency DLC
Modifying agency DLC
043 ## - GEOGRAPHIC AREA CODE
Geographic area code e-uk---
050 00 - LIBRARY OF CONGRESS CALL NUMBER
Classification number HD8388.M68 1979
082 00 - DEWEY DECIMAL CLASSIFICATION NUMBER
Classification number 331.88/0941
Edition number 21
300 ## - PHYSICAL DESCRIPTION
Dimensions 22 cm.
100 1# - MAIN ENTRY--PERSONAL NAME
Personal name Morton, A. L.
Fuller form of name (Arthur Leslie),
Dates associated with a name 1903-
9 (RLIN) 27609
245 14 - TITLE STATEMENT
Title The British labour movement, 1770-1920 :
Remainder of title a history /
Statement of responsibility, etc by A.L. Morton and George Tate.
260 ## - PUBLICATION, DISTRIBUTION, ETC. (IMPRINT)
Place of publication, distribution, etc London :
Name of publisher, distributor, etc Lawrence & Wishart,
Date of publication, distribution, etc 1956
300 ## - PHYSICAL DESCRIPTION
Extent 318 p. ;
500 ## - GENERAL NOTE
General note Published originally in 1956
650 #0 - SUBJECT ADDED ENTRY--TOPICAL TERM
Topical term or geographic name as entry element Working class
Geographic subdivision Great Britain
General subdivision History.
9 (RLIN) 23678
650 #0 - SUBJECT ADDED ENTRY--TOPICAL TERM
Topical term or geographic name as entry element Labor unions
Geographic subdivision Great Britain
General subdivision History.
9 (RLIN) 6202
700 1# - ADDED ENTRY--PERSONAL NAME
Personal name Tate, George,
Dates associated with a name 1914-
9 (RLIN) 27610
906 ## - LOCAL DATA ELEMENT F, LDF (RLIN)
a 7
b cbc
c orignew
d 3
e ncip
f 19
g y-gencatlg
942 ## - ADDED ENTRY ELEMENTS (KOHA)
Source of classification or shelving scheme Library of Congress Classification
Koha item type Monograph ( Printed materials)
Holdings
Withdrawn status Lost status Source of classification or shelving scheme Damaged status Not for loan Collection code Home library Current library Shelving location Date acquired Total Checkouts Full call number Barcode Date last seen Price effective from Koha item type
    Library of Congress Classification     Main Collection ARRUPE LIBRARY ARRUPE LIBRARY Main Collection 28/11/2016   HD8388.M68 1979 46500025655 08/05/2018 28/11/2016 Monograph ( Printed materials)

 

Arrupe Library. PO Box MP320 Mt Pleasant, Harare, Zimbabwe
263 242 745411|librarian@aju.ac.zw